00351pab a2200133 454500008004000000100002300040245005100063260000900114300001300123362001100136650002200147650001400169773003400183180718b2008 xxu||||| |||| 00| 0 eng d aVijayachandran, K. aSocialism and the second industrial revolution c2008 ap.74-77. a16 Aug aIndustrialization aSocialism aEconomic and Political Weekly